00673nam a2200241 a 4500001001300000003000900013005001700022008004100039020001000080082001500090100001900105245003100124260004000155300000900195500003500204505001000239650001700249700001900266902000800285942000700293952011600300999001500416nice12345678IN_TiNIC20260116012412.0050524s1938 lona grp 000 0 eng  ac10000a275.4bMAT aMathews, Basil aChurch Takes Root in India aLondonbEdinburgh House Pressc1938 a160p aincludes index and biblioraphy2 aIndex aChurch-India1 aMathews, Basil bSRS cBK 001040708StackRoom-aHMIbHMId2007-07-18g100.00l0o275.4 MATp011051r2007-07-18v100.00w2005-05-24yBK c6881d6881